01299nam a22001697a 4500003000400000020001800004082001200022100002000034245003900054260003100093300000800124650002600132653079700158942001300955952014600968999001501114SGT a9788121904728 a515,NAR aNARAYAN SHANTI  aA COURSE OF MATHEMATICAL ANALYSIS  aNEW DELHI bS.CHAND c2016 a591 a MATHEMATICS ANALYSIS a CONTENTS :1. REAL NUMBERS L BOUNDED SETS, OPEN AND CLOSED SETS 2. REAL SEQUENCES 3. REAL VALUED FUNCTIONS OF A SINGLE REAL VARIABLE, LIMIT AND CONTINUITY 4. REAL VALUED FUNCTIONS OF A SINGLE REAL VARIABLE 5. DERIVABILITY 6. RIEMANN INTEGRABILITY 7. SEQUENCES OR FUNCTIONS POINT-WISE AND UNIFORM CONVERGENCE 8. ELEMENTARY FUNCTIONS 9. IMPROPER INTEGRALS 10 FOURIER SERIES 11. EUCLIDEAN SPACES 12. OPEN AND CLOSED SETS 13. COMPACT SETS 14. REAL VALUED FUNCTIONS OF SEVERAL REAL VARIABLES. 15. LIMIT L CONTINUITY 16. PARTIAL DERIVATIVES 17. INVERTIBLE FUNCTIONS 18. IMPLICIT FUNCTIONS 19. INTEGRALS AS FUNCTIONS OF A PARAMETER 20. INTEGRATION IN R2 LINE INTEGRALS. DOUBLE INTEGRALS 21. CURVE LENGTHS. SURFACE AREAS 22. INTEGRATION IN R3 GAUSS’S AND STOKE’S THEOREMS 23. ANSWERS 24. APPENDIX 2ddccFPS 00102ddc40718FSaSSSLbSSSLcREFd2016-07-05eKIRTI PRAKASHAN g250.00iSGTUo515,NARpPS1400r2016-07-05 00:00:00w2015-11-20yFPSk3243 c9472d9472